00330 2200145 4500001002100000005001500021035002000036245004600056100001500102300001100117260002200128082000800150084001400158990001200172INLIS00000000000200520250527083838 a0010-05250002971 aSeleksi Alam Charles Darwin /cYin Li Jun0 aYin Li Jun a32 hlm bPakar Raya,c2007 a500 a500 YIN s a0713207